000 00639nam a2200181Ia 4500
008 151018s9999 xx 000 0 und d
082 _bRBASDV59884
_a891.433
100 _aसुदर्शन भाटीया
245 _aभारत कि बलिदान कथाए
250 _b1
260 _bचंबल एजन्सी
_c2011
300 _a88
600 _aसुदर्शन भाटीया
630 _aभारत कि बलिदान कथाए
700 _aसुदर्शन भाटीया
730 _aभारत कि बलिदान कथाए
942 _cBOOK
999 _c1053603
_d1053600